Narodil sa valašek

Bibliographic Details
Format: Article
Language:Slovak
Subjects:

MARC

LEADER 00000nab a2200000 a 4500
001 vtls000737381
003 SK-MaSNL
005 20260302193219.0
008 160414c1997 xo j 0 slo
015 |a SNBRH2000-01688 
035 |a CLN000089248 
040 |a SNKBUCL  |b slo  |c SNKBUCL  |e AACR2 
041 0 |a slo 
044 |a xo  |c SK 
080 |a 784.67.087.61  |2 1997 
245 0 0 |a Narodil sa valašek  |h [hudobnina] 
650 0 7 |a vokálna tvorba  |x piesne pre deti  |x spev  |2 snkbucl  |9 298774 
773 0 |w SK01SNK1999xxxxxxx  |t Včielka  |g Roč. 40, č. 4(1997), s. 8 
850 |a Slovenská národná knižnica v Martine 
852 |a SNK  |b KIS3GCP 
958 |a TL 
958 |a RBH 
999 |c 1443721  |d 1445651